000 00650nam a2200277Ia 4500
005 20260324120159.0
008 008 260324s9999 xx 000 0 eng d
020 _a9780429083457
037 _aEBOOK
040 _aCRL
040 _beng
040 _cCRL
041 _2eng
041 _aeng
084 _qCRL
100 _aIztok Fajfar
_91157553
245 0 _aStart Programming Using HTML, CSS, and JavaScript
260 _bTaylor and Francis
260 _c2015
365 _a
365 _b385
856 _uhttp://www.taylorfrancis.com/books/9780429083457
942 _cEBOOK
999 _c1748932
_d1748932